[Event "South Wales op 15th"]
[Site "Cardiff"]
[Date "2018.07.10"]
[Round "6"]
[White "Lavender, James"]
[Black "Garcia, Jason"]
[Result "1/2-1/2"]
[WhiteElo "1900"]
[BlackElo "2037"]
[PlyCount "81"]
[EventDate "2018.07.07"]
[EventType "swiss"]
[EventRounds "9"]
[EventCountry "WLS"]
[SourceTitle "EXT 2019"]
[Source "ChessBase"]
[SourceDate "2018.10.10"]
[SourceVersion "1"]
[SourceVersionDate "2018.10.10"]
[SourceQuality "1"]

1. b3 e5 2. Bb2 Nc6 3. c4 f5 4. e3 Nf6 5. Nf3 d6 6. Be2 g6 7. d4 e4 8. Nfd2 Bg7 9. Nc3 0-0 10. h3 f4 11. Nf1 Bh6 12. Qd2 fxe3 13. fxe3 Nh5 14. 0-0-0 Rxf1 15. Rhxf1 Ng3 16. Nd5 Bf5 17. b4 a5 18. b5 Nb4 19. Nxb4 axb4 20. Kb1 Nxf1 21. Rxf1 Qg5 22. g4 Bd7 23. Bc1 Qh4 24. c5 d5 25. c6 bxc6 26. bxc6 Be6 27. Qxb4 Bf8 28. Qb3 Qd8 29. a4 Rb8 30. Bb5 Bc8 31. Rf2 Ba6 32. Rb2 Bxb5 33. axb5 Kf7 34. Bd2 Ke6 35. Ba5 Qd6 36. Qc3 Qa3 37. Rb3 Qa4 38. b6 cxb6 39. c7 Rc8 40. Rxb6+ Kd7 41. Rb8 1/2-1/2